Top 5 Countries with the Highest Percent Mormon by Continent - Statistics

General Stats
  • This quiz has been taken 127 times
    98 since last reset
  • The average score is 15 of 30
Answer Stats
Continent % Country % Correct
N. America 2.03 United States
98%
Oceania 39.59 Samoa
82%
Europe 0.29 United Kingdom
82%
S. America 3.32 Chile
76%
S. America 1.88 Peru
74%
Oceania 60.23 Tonga
74%
S.America 1.49 Ecuador
66%
S. America 1.81 Bolivia
65%
N. America 1.76 Guatemala
63%
S. America 3.10 Uruguay
61%
Africa 0.27 Ghana
59%
N. America 1.94 Honduras
57%
N.America 1.61 Nicaragua
57%
N. America 2.02 El Salvador
54%
Asia 0.17 South Korea
52%
Europe 0.11 Spain
52%
Oceania 17.18 Kiribati
50%
Asia 0.73 Philippines
50%
Oceania 5.72 Micronesia
48%
Europe 0.10 Albania and Sweden
43%
Asia 0.25 Taiwan
41%
Europe 0.40 Portugal
39%
Africa 0.23 Liberia
38%
Europe 0.11 Switzerland
38%
Africa 2.44 Cape Verde
24%
Africa 0.29 Sierra Leone
24%
Asia 0.38 Mongolia
15%
Africa 0.20 Zimbabwe
15%
Asia 0.12 Armenia
12%
Oceania 10.15 Marsall Islands
1%
No matching quizzes found
Score Distribution
Percent of People with Each Score
Percentile by Number Answered
Your Score History
You have not taken this quiz since the last reset